书目信息 |
| 题名: |
田径
|
|
| 作者: | 孟刚 主编 | |
| 分册: | ||
| 出版信息: | 北京 北京师范大学出版社 2008.02 |
|
| 页数: | 297页 | |
| 开本: | 20cm | |
| 丛书名: | ||
| 单 册: | ||
| 中图分类: | G82 | |
| 科图分类: | ||
| 主题词: | 田径运动 | |
| 电子资源: | ||
| ISBN: | 978-7-303-09004-4 | |
| 000 | 00562nam0 2200217 45 | |
| 001 | 0936590438 | |
| 005 | 20091107101034.40 | |
| 010 | @a978-7-303-09004-4@dCNY29.00 | |
| 100 | @a20090515d2008 ekmy0 y0120 ea | |
| 102 | @aCN@b130000 | |
| 102 | @aCN@b110000 | |
| 105 | @ay z 000yy | |
| 200 | 1 | @a田径@f孟刚主编@Fmeng gang zhu bian |
| 210 | @a北京@c北京师范大学出版社@d2008.02 | |
| 215 | @a297页@d20cm | |
| 606 | 0 | @a田径运动 |
| 690 | @aG82@v4 | |
| 701 | 0 | @a孟刚@Ameng gang@4主编 |
| 801 | 0 | @aCN@c20091107 |
| 905 | @a10447@dG82@eM587 | |
| 906 | @d29@n1@r1 | |
| 田径/孟刚主编.-北京:北京师范大学出版社,2008.02 |
| 297页;20cm |
| ISBN 978-7-303-09004-4:CNY29.00 |
| ● |
| 相关链接 |
|
|
|
正题名:田径
索取号:G82/M587
 
预约/预借
| 序号 | 登录号 | 条形码 | 馆藏地/架位号 | 状态 | 备注 |
| 1 | 892991 | 208929917 | 社科库409/409社科库 21排4列3层/ [索取号:G82/M587] | 在馆 |